<?xml version="1.0" encoding="UTF-8"?>
<record
    xmlns:xsi="http://www.w3.org/2001/XMLSchema-instance"
    xsi:schemaLocation="http://www.loc.gov/MARC21/slim http://www.loc.gov/standards/marcxml/schema/MARC21slim.xsd"
    xmlns="http://www.loc.gov/MARC21/slim">

  <leader>03376nam a22003857a 4500</leader>
  <datafield tag="999" ind1=" " ind2=" ">
    <subfield code="c">21794</subfield>
    <subfield code="d">21794</subfield>
  </datafield>
  <controlfield tag="003">AR-CdUCM</controlfield>
  <controlfield tag="008">190425b           ||||| |||| 00| 0 spa d</controlfield>
  <datafield tag="040" ind1=" " ind2=" ">
    <subfield code="a">MUNICIPALIDAD PROVINCIAL DEL CUSCO</subfield>
    <subfield code="c">BIBLIOTECA MUNICIPAL DEL CUSCO</subfield>
  </datafield>
  <datafield tag="082" ind1=" " ind2=" ">
    <subfield code="a">Rev.IAAC/N&#xB0;9/1959</subfield>
  </datafield>
  <datafield tag="110" ind1=" " ind2=" ">
    <subfield code="a">Instituto Americano de Arte del Cuzco</subfield>
    <subfield code="9">43770</subfield>
  </datafield>
  <datafield tag="245" ind1=" " ind2=" ">
    <subfield code="a">Revista del Instituto Americano de Arte /</subfield>
  </datafield>
  <datafield tag="260" ind1=" " ind2=" ">
    <subfield code="a">Cusco :</subfield>
    <subfield code="b">H.G. Rozas,</subfield>
    <subfield code="c">1959.</subfield>
  </datafield>
  <datafield tag="300" ind1=" " ind2=" ">
    <subfield code="a">322 p&#xE1;ginas. :</subfield>
    <subfield code="b">ilustraciones, laminas ;</subfield>
    <subfield code="c">24 cm.</subfield>
  </datafield>
  <datafield tag="440" ind1=" " ind2=" ">
    <subfield code="a">Revista del Instituto Americano de Arte Cuzco.</subfield>
    <subfield code="n">A&#xF1;o IX, [?] semestre de 1959, N&#xB0;9. Vol.[?]</subfield>
    <subfield code="9">46132</subfield>
  </datafield>
  <datafield tag="505" ind1=" " ind2=" ">
    <subfield code="a">Contenido: El pintor Krekovic -- La visita de Bolivar al Cuzco. Jos&#xE9; Uriel Garc&#xED;a. -- Elogio de Garcilaso. Luis Felipe Paredes. -- Nuevos datos sobre la vida y obra del Obispo Mollinedo. Horacio Villanueva. -- El pan nuestro de cada d&#xED;a. Jos&#xE9; Uriel Garc&#xED;a. -- Documentos en el Archivo Provincial de C&#xF3;rdova Espa&#xF1;a relacionados con el Inca Garcilaso de la Vega. Manuel E. Cuadros. -- Dos in&#xE9;ditos sobre Fernando Tupac Amaru. Daniel Valc&#xE1;rcel. -- El Obispo Don Manuel de Mollinedo y Angulo Mecenas cuzque&#xF1;o. Isabel Z. de Ruzo. -- Tres templos Apurime&#xF1;os. Julio G. Guti&#xE9;rrez. -- Sobre el pintor Mario Urteaga y la pintura peruana. Teodoro N&#xFA;&#xF1;ez Ureta. -- Apuntes literarios. Rom&#xE1;n Saavedra. --  Supervivencias agrarias del Tahuantinsuyo. -- Un juramento de amor. Eufracio &#xC1;lvarez. -- Tierras ajenas. Luis Felipe Paredes. -- El cholo sur peruano. Te&#xF3;filo Huayhuaca Sald&#xED;var. -- Don Rosendo Villalobos en la l&#xED;rica boliviana. Carlos Gregorio Taborga. -- Tres paisajes de la escuela cuzque&#xF1;a. M.F.L. -- Hacia la determinaci&#xF3;n de los caracteres t&#xED;picos del Wayno cuzque&#xF1;o. Josafat Roel Pineda. --  El velatorio del expediente. Carlos Ferdinand Cuadros. -- Retazos de vidas serranas. Martha Alicia Fernan Zegarra. -- Jos&#xE9; Vasconcelos maestro y ap&#xF3;stol. Rom&#xE1;n Saavedra. -- Contra los vates y sus derivados. E. Kallata. -- Homenajes a Benjam&#xED;n Mendiz&#xE1;bal Vizcarra. M.F.Lira, L. F. Paredes, J.G. Medina. -- Los cuatro grandes de la m&#xFA;sica cusque&#xF1;a. L.F. Paredes. -- Concurso como se imaginan el Cuzco. -- Anacronismo y disloque. Rosa Augusta Rivero de Z&#xFA;&#xF1;iga. -- De nuestro acervo musical. Ernesto Corbacho. -- Carta a Trinidad Enr&#xED;quez. Manuela F. G&#xF3;mez. -- Lic. Salvador Mart&#xED;nez de Alva. L.F.P. -- El Cuzco atreves de los tiempos. Julio G. Guti&#xE9;rrez. -- El suplicio de Tupac Amaru. J. Alberto Cuentas. -- Necrolog&#xED;a Luis A. Llanos Hartmut Winkler. -- Documentos semana del Cuzco. -- Significas L&#xE1;grimas poemas. Luis Nieto Miranda.  </subfield>
  </datafield>
  <datafield tag="650" ind1=" " ind2=" ">
    <subfield code="a">Tradiciones cusque&#xF1;as</subfield>
    <subfield code="9">31110</subfield>
  </datafield>
  <datafield tag="650" ind1=" " ind2=" ">
    <subfield code="a">Fiestas populares</subfield>
    <subfield code="9">34730</subfield>
  </datafield>
  <datafield tag="650" ind1=" " ind2=" ">
    <subfield code="a">Folcklore</subfield>
    <subfield code="9">46108</subfield>
  </datafield>
  <datafield tag="650" ind1=" " ind2=" ">
    <subfield code="a">Literatura cusque&#xF1;a</subfield>
    <subfield code="9">46110</subfield>
  </datafield>
  <datafield tag="650" ind1=" " ind2=" ">
    <subfield code="a">Poetas cusque&#xF1;os</subfield>
    <subfield code="9">5956</subfield>
  </datafield>
  <datafield tag="650" ind1=" " ind2=" ">
    <subfield code="a">Arte cusque&#xF1;o</subfield>
    <subfield code="9">13165</subfield>
  </datafield>
  <datafield tag="650" ind1=" " ind2=" ">
    <subfield code="a">Benjam&#xED;n Mendiz&#xE1;bal Vizcarra</subfield>
    <subfield code="9">46129</subfield>
  </datafield>
  <datafield tag="650" ind1=" " ind2=" ">
    <subfield code="a">Sim&#xF3;n Bol&#xED;var</subfield>
    <subfield code="9">1694</subfield>
  </datafield>
  <datafield tag="650" ind1=" " ind2=" ">
    <subfield code="a">Manuel de Mollinedo y Angulo</subfield>
    <subfield code="9">5791</subfield>
  </datafield>
  <datafield tag="650" ind1=" " ind2=" ">
    <subfield code="a">Mar&#xED;a Trinidad Enr&#xED;quez</subfield>
    <subfield code="9">46109</subfield>
  </datafield>
  <datafield tag="700" ind1=" " ind2=" ">
    <subfield code="a">Guti&#xE9;rrez Loayza, Julio</subfield>
    <subfield code="9">46116</subfield>
  </datafield>
  <datafield tag="700" ind1=" " ind2=" ">
    <subfield code="a">Y&#xE9;pez Miranda, Alfredo</subfield>
    <subfield code="9">4230</subfield>
  </datafield>
  <datafield tag="700" ind1=" " ind2=" ">
    <subfield code="a">Nieto Mirando, Luis</subfield>
    <subfield code="9">46131</subfield>
  </datafield>
  <datafield tag="700" ind1=" " ind2=" ">
    <subfield code="a">Garc&#xED;a, Uriel Jos&#xE9;</subfield>
    <subfield code="9">46133</subfield>
  </datafield>
  <datafield tag="700" ind1=" " ind2=" ">
    <subfield code="a">Caballero Farf&#xE1;n, Policarpo</subfield>
    <subfield code="9">13130</subfield>
  </datafield>
  <datafield tag="700" ind1=" " ind2=" ">
    <subfield code="a">Villanueva Urteaga, Horacio</subfield>
    <subfield code="9">5790</subfield>
  </datafield>
  <datafield tag="700" ind1=" " ind2=" ">
    <subfield code="a">Roel Pineda, Josafat</subfield>
    <subfield code="9">22398</subfield>
  </datafield>
  <datafield tag="942" ind1=" " ind2=" ">
    <subfield code="2">ddc</subfield>
    <subfield code="c">PP</subfield>
  </datafield>
  <datafield tag="945" ind1=" " ind2=" ">
    <subfield code="a">rac</subfield>
  </datafield>
  <datafield tag="952" ind1=" " ind2=" ">
    <subfield code="0">0</subfield>
    <subfield code="2">ddc</subfield>
    <subfield code="4">0</subfield>
    <subfield code="7">0</subfield>
    <subfield code="a">HEM</subfield>
    <subfield code="b">HEM</subfield>
    <subfield code="c">CART</subfield>
    <subfield code="d">2021-08-06</subfield>
    <subfield code="g">10.00</subfield>
    <subfield code="o">Rev.IAAC/N&#xB0;9/1959</subfield>
    <subfield code="p">REVC000237</subfield>
    <subfield code="r">2021-08-06</subfield>
    <subfield code="y">PP</subfield>
  </datafield>
  <datafield tag="952" ind1=" " ind2=" ">
    <subfield code="0">0</subfield>
    <subfield code="2">ddc</subfield>
    <subfield code="4">0</subfield>
    <subfield code="7">0</subfield>
    <subfield code="a">HEM</subfield>
    <subfield code="b">HEM</subfield>
    <subfield code="c">CART</subfield>
    <subfield code="d">2021-08-06</subfield>
    <subfield code="g">10.00</subfield>
    <subfield code="o">Rev.IAAC/N&#xB0;9/1959/e.2</subfield>
    <subfield code="p">REVC000238</subfield>
    <subfield code="r">2021-08-06</subfield>
    <subfield code="y">PP</subfield>
  </datafield>
</record>
